000 00286nam a22001337a 4500
003 SGT
020 _a8119117344
082 _a615
_bHAJ
100 _aHAJARE ASHOK A
245 _aMODERN PHARMACEUTICS
260 _aINDIA
_bNIRALI PRAKSHAN
_c2025
300 _a5.31
942 _2ddc
_cBK
999 _c34483
_d34483